[Event "ch-CHN w 2011"]
[Site "Xinghua Jiangsu CHN"]
[Date "2011.03.30"]
[Round "1"]
[White "Xu, Tong"]
[Black "Ju, Wenjun"]
[Result "0-1"]
[WhiteTitle "WIM"]
[BlackTitle "WGM"]
[WhiteElo "2217"]
[BlackElo "2519"]
[WhiteFideId "8601739"]
[BlackFideId "8603006"]
[EventDate "2011.03.30"]

1. e4 c5 2. Nf3 d6 3. Bc4 Nf6 4. d3 Nc6 5. c3 g6 6. O-O Bg7 7. Bb3 O-O 8. Re1 b5
9. h3 Nd7 10. d4 cxd4 11. cxd4 Bb7 12. Nc3 a6 13. Bg5 h6 14. Bh4 Rc8 15. Rc1 g5
16. Bg3 b4 17. Nd5 Nxd4 18. Rxc8 Nxf3+ 19. Qxf3 Bxc8 20. Nxb4 Bxb2 21. Nc6 Qe8
22. h4 Nc5 23. e5 g4 24. Qd5 Be6 25. Nxe7+ Qxe7 26. exd6 Qa7 27. Qd2 Bg7 28. Bc2
Rc8 29. Bf4 Nd7 30. Qd3 Nf8 31. Be5 Qc5 32. Bxg7 Kxg7 33. Bb3 Bxb3 34. axb3 Rd8
35. Rd1 a5 36. Qg3 h5 37. Kh2 Ng6 38. d7 Qe5 39. Qxe5+ Nxe5 40. Rd5 f6 41. Rxa5
Rxd7 42. Rb5 Rd3 43. b4 Rb3 44. Rb7+ Kg6 45. b5 Kf5 46. Rb8 Ng6 47. b6 Nxh4 48.
b7 Ng6 49. f3 Rb2 50. fxg4+ hxg4 51. Kg3 Rb3+ 52. Kf2 Ne5 53. Kg1 Nd7 54. Rh8
Rxb7 55. Rh7 Rb1+ 56. Kh2 Ne5 57. Ra7 Rb2 0-1

[Event "ch-CHN w 2011"]
[Site "Xinghua Jiangsu CHN"]
[Date "2011.03.30"]
[Round "1"]
[White "Zhang, Xiaowen"]
[Black "Gu, Xiaobing"]
[Result "1/2-1/2"]
[WhiteTitle "WGM"]
[BlackTitle "WGM"]
[WhiteElo "2344"]
[BlackElo "2369"]
[WhiteFideId "8603219"]
[BlackFideId "8602611"]
[EventDate "2011.03.30"]

1. e4 c5 2. Nf3 d6 3. d4 cxd4 4. Nxd4 Nf6 5. Nc3 a6 6. Be2 e5 7. Nb3 Be7 8. O-O
O-O 9. Be3 Be6 10. Qd2 Qc7 11. a4 Nbd7 12. a5 Rac8 13. Rfd1 Qc6 14. Bf3 Qc7 15.
Be2 Qc6 16. Bf3 Qc7 17. Qe1 Rfd8 18. Be2 Nc5 19. Nxc5 dxc5 20. Rxd8+ Rxd8 21. f3
Nd7 22. Nd5 Bxd5 23. exd5 Bd6 24. c4 Nf6 25. Qh4 Qe7 26. Bg5 h6 27. Bxf6 Qxf6
28. Qxf6 gxf6 29. Bd3 Bc7 30. g3 Kf8 31. Kf2 Ke7 1/2-1/2

[Event "ch-CHN w 2011"]
[Site "Xinghua Jiangsu CHN"]
[Date "2011.03.30"]
[Round "1"]
[White "Wang, Yu A."]
[Black "Wang, Jue"]
[Result "1/2-1/2"]
[WhiteTitle "IM"]
[WhiteElo "2398"]
[BlackElo "2275"]
[WhiteFideId "8601097"]
[BlackFideId "8604070"]
[EventDate "2011.03.30"]

1. e4 e5 2. d4 exd4 3. Nf3 Nc6 4. Nxd4 Nf6 5. Nxc6 bxc6 6. Bd3 d5 7. e5 Ng4 8.
O-O Bc5 9. Qe2 Qe7 10. Bf4 g5 11. Bd2 Nxe5 12. Re1 f6 13. Bxg5 fxg5 14. Qxe5
Qxe5 15. Rxe5+ Be7 16. Nd2 Kf7 17. Rae1 Bf6 18. R5e3 g4 19. Nb3 Rb8 20. R3e2 a5
21. Nxa5 Rxb2 22. Nxc6 Rxa2 23. Nb4 Ra5 24. Nc6 Ra2 25. Nb4 Ra5 26. Nc6 Ra2 1/2-1/2

[Event "ch-CHN w 2011"]
[Site "Xinghua Jiangsu CHN"]
[Date "2011.03.31"]
[Round "2"]
[White "Gu, Xiaobing"]
[Black "Wang, Yu A."]
[Result "0-1"]
[WhiteTitle "WGM"]
[BlackTitle "IM"]
[WhiteElo "2369"]
[BlackElo "2398"]
[WhiteFideId "8602611"]
[BlackFideId "8601097"]
[EventDate "2011.03.30"]

1. e4 e5 2. Nf3 Nc6 3. Bb5 a6 4. Bxc6 dxc6 5. O-O Qf6 6. h3 Bd7 7. Qe2 Ne7 8.
Rd1 Ng6 9. d4 exd4 10. e5 Qe7 11. Rxd4 O-O-O 12. Nc3 f6 13. Re4 Nxe5 14. Rxe5
fxe5 15. Bg5 Qe6 16. Bxd8 Kxd8 17. Nxe5 Bd6 18. Re1 Re8 19. Nxd7 Kxd7 20. Ne4
Re7 21. c4 b6 22. Qd3 Qe5 23. g3 Qxb2 24. c5 Qb4 25. Re2 bxc5 26. Nxd6 cxd6 27.
Qf5+ Ke8 28. Qh5+ Kd8 29. Qg5 Qb7 30. Rd2 d5 31. Qf4 Ke8 32. Rd1 Qb4 33. Qd6
Re1+ 34. Rxe1+ Qxe1+ 35. Kg2 Qe4+ 36. Kh2 d4 37. Qb8+ Kd7 38. Qb7+ Kd6 39. Qb8+
Kd5 40. Qg8+ Qe6 41. Qxh7 c4 42. Qxg7 d3 43. h4 Qf5 44. Qb2 Qe5 45. Qd2 Kd4 46.
Qb2+ c3 47. Qb4+ Kd5 48. Qb3+ Kc5 49. Qa3+ Kb6 50. Qb3+ Kc7 51. Qf7+ Kb6 52.
Qb3+ Kc5 53. Qa3+ Kd5 54. Qb3+ Ke4 55. Qc4+ Kf3 56. Qxd3+ Kxf2 57. Kh3 Qe6+ 58.
Kh2 Qe3 59. Qf5+ Ke1 60. Qb1+ Kd2 61. Qb4 c5 62. Qa5 Kd1 63. Qa4+ c2 64. a3 Qd4
65. Qb3 Kd2 66. Qa2 c4 67. h5 Kd1 0-1

[Event "ch-CHN w 2011"]
[Site "Xinghua Jiangsu CHN"]
[Date "2011.03.31"]
[Round "2"]
[White "Xu, Tong"]
[Black "Tan, Zhongyi"]
[Result "0-1"]
[WhiteTitle "WIM"]
[BlackTitle "WGM"]
[WhiteElo "2217"]
[BlackElo "2428"]
[WhiteFideId "8601739"]
[BlackFideId "8603642"]
[EventDate "2011.03.30"]

1. e4 d6 2. d4 Nf6 3. Nc3 g6 4. f3 c6 5. Be3 Bg7 6. Qd2 b5 7. O-O-O O-O 8. g4
Qa5 9. Kb1 b4 10. Nce2 c5 11. Nc1 cxd4 12. Bxd4 Nc6 13. Be3 Be6 14. Bh6 Bxh6 15.
Qxh6 d5 16. Nb3 Qb6 17. h4 dxe4 18. h5 Rad8 19. Rc1 Ne5 20. Ne2 exf3 21. hxg6
fxg6 22. Nf4 Nexg4 23. Qg5 Ne4 24. Qxe7 Rxf4 25. Rxh7 Bf7 26. Qh4 Nef6 27. Rh8+
Kg7 28. Rxd8 Qxd8 29. Bd3 f2 30. Rh1 Bxb3 31. axb3 f1=Q+ 0-1

[Event "ch-CHN w 2011"]
[Site "Xinghua Jiangsu CHN"]
[Date "2011.03.31"]
[Round "2"]
[White "Ju, Wenjun"]
[Black "Huang, Qian"]
[Result "1/2-1/2"]
[WhiteTitle "WGM"]
[BlackTitle "WGM"]
[WhiteElo "2519"]
[BlackElo "2394"]
[WhiteFideId "8603006"]
[BlackFideId "8602689"]
[EventDate "2011.03.30"]

1. d4 Nf6 2. c4 g6 3. g3 d5 4. cxd5 Nxd5 5. Bg2 Bg7 6. e4 Nb6 7. Ne2 c5 8. d5
O-O 9. O-O e6 10. Nec3 exd5 11. exd5 Na6 12. a4 Bf5 13. g4 Bxb1 14. Rxb1 Nc4 15.
Ne4 Qd7 16. d6 Kh8 17. b3 Ne5 18. g5 Rad8 19. Bb2 Nc6 20. Bxg7+ Kxg7 21. f4 Qf5
22. Rb2 Rfe8 23. Ng3 Qd7 24. Rd2 Nd4 25. Rxd4 cxd4 26. Qxd4+ Kg8 27. Rd1 Qg4 28.
Rf1 Qd7 29. Ne4 Rxe4 30. Bxe4 Qxd6 31. Qxd6 Rxd6 32. Bxb7 Nc5 1/2-1/2

[Event "ch-CHN w 2011"]
[Site "Xinghua Jiangsu CHN"]
[Date "2011.04.01"]
[Round "3"]
[White "Huang, Qian"]
[Black "Ding, Yixin"]
[Result "1/2-1/2"]
[WhiteTitle "WGM"]
[BlackTitle "WGM"]
[WhiteElo "2394"]
[BlackElo "2376"]
[WhiteFideId "8602689"]
[BlackFideId "8602972"]
[EventDate "2011.03.30"]

1. Nf3 Nf6 2. g3 g6 3. Bg2 Bg7 4. O-O O-O 5. c4 c6 6. d4 d5 7. cxd5 cxd5 8. Ne5
Ng4 9. Nf3 Nf6 10. Ne5 Ng4 11. Nf3 Nf6 12. Nc3 Ne4 13. Nxe4 dxe4 14. Ng5 Qxd4
15. Qxd4 Bxd4 16. Nxe4 Nc6 17. Rb1 Bf5 18. Rd1 Rfd8 19. Bd2 Rac8 20. h3 h5 21.
e3 Bg7 22. b3 b6 23. Be1 Rxd1 24. Rxd1 Rd8 25. Rxd8+ Nxd8 26. f4 Kf8 27. Bc3 Bd7
28. Kf2 Nc6 29. Bxg7+ Kxg7 30. Nc3 Nb4 31. Ke2 1/2-1/2

[Event "ch-CHN w 2011"]
[Site "Xinghua Jiangsu CHN"]
[Date "2011.04.02"]
[Round "4"]
[White "Ju, Wenjun"]
[Black "Ding, Yixin"]
[Result "1-0"]
[WhiteTitle "WGM"]
[BlackTitle "WGM"]
[WhiteElo "2519"]
[BlackElo "2376"]
[WhiteFideId "8603006"]
[BlackFideId "8602972"]
[EventDate "2011.03.30"]

1. d4 Nf6 2. c4 e6 3. Nc3 Bb4 4. e3 O-O 5. Bd3 d5 6. cxd5 exd5 7. Ne2 c6 8. O-O
Re8 9. f3 b6 10. a3 Bxc3 11. bxc3 Ba6 12. Ng3 Bxd3 13. Qxd3 Nbd7 14. Bb2 h5 15.
Rae1 g6 16. c4 b5 17. cxb5 cxb5 18. e4 h4 19. Nh1 dxe4 20. fxe4 Nc5 21. Qf3
Ncxe4 22. Rxe4 Rxe4 23. d5 Qb6+ 24. Nf2 Rd4 25. d6 Rd8 26. Qxf6 R8xd6 27. Qe5 b4
28. axb4 Qxb4 29. Qe8+ Kg7 30. Ne4 Rd7 31. Qxd7 1-0

[Event "ch-CHN w 2011"]
[Site "Xinghua Jiangsu CHN"]
[Date "2011.04.02"]
[Round "4"]
[White "Wang, Jue"]
[Black "Huang, Qian"]
[Result "1/2-1/2"]
[BlackTitle "WGM"]
[WhiteElo "2275"]
[BlackElo "2394"]
[WhiteFideId "8604070"]
[BlackFideId "8602689"]
[EventDate "2011.03.30"]

1. e4 c5 2. Nf3 d6 3. d4 cxd4 4. Nxd4 Nf6 5. Nc3 a6 6. Be3 e5 7. Nf3 Qc7 8. a4
Be7 9. Be2 Be6 10. O-O Nbd7 11. Ng5 O-O 12. Nxe6 fxe6 13. Qd3 Rac8 14. a5 Qc6
15. Bf3 h6 16. g3 Rfe8 17. Rfd1 Bf8 18. h4 Qc4 19. Qxc4 Rxc4 20. Be2 Rc7 21. Kg2
Rec8 22. Rd2 Rxc3 23. bxc3 Nxe4 24. Bg4 Kf7 25. Rd3 Nxc3 26. Bd2 Nb5 27. Rc1 Nd4
28. Rb1 Nc5 29. Rc3 Rc7 30. Re1 Be7 31. f4 e4 32. Rxc5 Rxc5 33. Rxe4 Nf5 34. c4
d5 35. cxd5 Rxd5 36. Be1 Bc5 37. Be2 Rd4 38. Kf3 Rxe4 39. Kxe4 Nd6+ 40. Ke5 Ke7
41. g4 Nb5 42. Bc4 Nd4 43. Bc3 Nc6+ 44. Ke4 g6 45. h5 1/2-1/2

[Event "ch-CHN w 2011"]
[Site "Xinghua Jiangsu CHN"]
[Date "2011.04.02"]
[Round "4"]
[White "Xu, Tong"]
[Black "Wang, Yu A."]
[Result "0-1"]
[WhiteTitle "WIM"]
[BlackTitle "IM"]
[WhiteElo "2217"]
[BlackElo "2398"]
[WhiteFideId "8601739"]
[BlackFideId "8601097"]
[EventDate "2011.03.30"]

1. e4 e5 2. Nf3 Nc6 3. Bb5 a6 4. Ba4 Nf6 5. O-O Nxe4 6. d4 b5 7. Bb3 d5 8. dxe5
Be6 9. Be3 Be7 10. c3 Nc5 11. Bc2 Nd7 12. Re1 Ndxe5 13. Nxe5 Nxe5 14. Bd4 Ng6
15. Bxg7 Rg8 16. Bxg6 Rxg7 17. Rxe6 hxg6 18. Re5 c6 19. Nd2 Kf8 20. Nf3 Bf6 21.
Re2 Rh7 22. a4 Kg7 23. axb5 axb5 24. Rxa8 Qxa8 25. Nd4 c5 26. Nc2 Qa2 27. Ne1 d4
28. cxd4 Bxd4 29. Nd3 Qd5 30. Rd2 Qe4 31. Ne1 Rh8 32. Nf3 Bf6 33. h3 c4 34. Nh2
Re8 35. Ng4 Qe1+ 36. Qxe1 Rxe1+ 37. Kh2 Be7 38. Ne3 Bg5 39. Rd5 Bf4+ 40. g3 Bxe3
41. fxe3 Re2+ 42. Kg1 Rxb2 43. Rc5 Rd2 44. Kf1 Rb2 45. h4 f5 46. Ke1 Kh6 47. Kd1
Rg2 48. Rxb5 Rxg3 49. Ke2 Rg4 50. Kf3 Rxh4 51. Rc5 Kg5 52. Rc6 Rh3+ 53. Kf2 Rh2+
54. Kf3 Rc2 55. Kg3 c3 56. Kf3 Kh5 57. Rc5 Rc1 58. Ke2 Kg4 59. Rc6 g5 60. Rc8 f4
61. exf4 Kxf4 62. Rf8+ Kg4 63. Kd3 Kg3 64. Rg8 g4 65. Rg7 Kf3 66. Rf7+ Kg2 67.
Rg7 g3 68. Rg8 Kf2 69. Rf8+ Kg1 70. Rg8 g2 71. Ra8 Rd1+ 72. Kxc3 Kf2 73. Rf8+
Ke3 0-1

[Event "ch-CHN w 2011"]
[Site "Xinghua Jiangsu CHN"]
[Date "2011.04.03"]
[Round "5"]
[White "Zhang, Xiaowen"]
[Black "Ju, Wenjun"]
[Result "1/2-1/2"]
[WhiteTitle "WGM"]
[BlackTitle "WGM"]
[WhiteElo "2344"]
[BlackElo "2519"]
[WhiteFideId "8603219"]
[BlackFideId "8603006"]
[EventDate "2011.03.30"]

1. e4 c5 2. Nf3 d6 3. d4 cxd4 4. Nxd4 Nf6 5. Nc3 a6 6. Be2 e5 7. Nb3 Be7 8. Bg5
Be6 9. Bxf6 Bxf6 10. Qd3 Nc6 11. O-O-O Qb6 12. Qxd6 Be7 13. Nd5 Bxd5 14. Qxd5
O-O 15. Qd2 Qxf2 16. Bc4 Qxd2+ 17. Nxd2 Rac8 18. Nf3 Nd4 19. Bb3 Nxf3 20. gxf3
Rfd8 21. c3 g6 22. Rxd8+ Rxd8 23. Rd1 Kf8 24. Rxd8+ Bxd8 25. Bd5 b6 26. b4 h6
27. Kc2 Ke7 28. Kd3 f5 29. c4 Kd6 30. Bf7 Bg5 31. Bxg6 fxe4+ 32. Bxe4 Bf4 33. h3
a5 34. a3 Bc1 35. c5+ bxc5 36. bxa5 Kc7 37. Kc4 Kb8 38. Kxc5 Ka7 39. Kd5 Bf4 40.
Bd3 1/2-1/2

[Event "ch-CHN w 2011"]
[Site "Xinghua Jiangsu CHN"]
[Date "2011.04.03"]
[Round "5"]
[White "Wang, Yu A."]
[Black "Tan, Zhongyi"]
[Result "1/2-1/2"]
[WhiteTitle "IM"]
[BlackTitle "WGM"]
[WhiteElo "2398"]
[BlackElo "2428"]
[WhiteFideId "8601097"]
[BlackFideId "8603642"]
[EventDate "2011.03.30"]

1. e4 d6 2. d4 Nf6 3. Nc3 g6 4. f4 Bg7 5. Nf3 c5 6. dxc5 Qa5 7. Qd4 dxc5 8. Qc4
O-O 9. e5 Be6 10. Qb5 Qxb5 11. Bxb5 Nd5 12. Nxd5 Bxd5 13. c4 Bxf3 14. gxf3 f6
15. e6 f5 16. Kf2 Rd8 17. Rb1 Nc6 18. Be3 Bd4 19. Bxc6 bxc6 20. Rhe1 Kg7 21. Re2
Kf6 22. Rbe1 a5 23. Bxd4+ cxd4 24. Re5 a4 25. R1e2 Rab8 26. Rc5 Rd6 27. Ra5 Rb4
28. c5 Rxe6 29. Ra6 Rxe2+ 30. Kxe2 Rxb2+ 1/2-1/2

[Event "ch-CHN w 2011"]
[Site "Xinghua Jiangsu CHN"]
[Date "2011.04.03"]
[Round "5"]
[White "Zhao, Xue"]
[Black "Xu, Tong"]
[Result "1-0"]
[WhiteTitle "GM"]
[BlackTitle "WIM"]
[WhiteElo "2495"]
[BlackElo "2217"]
[WhiteFideId "8601283"]
[BlackFideId "8601739"]
[EventDate "2011.03.30"]

1. c4 c5 2. Nf3 Nf6 3. g3 g6 4. Bg2 Bg7 5. O-O O-O 6. d4 cxd4 7. Nxd4 d6 8. Nc3
Nbd7 9. b3 Nc5 10. h3 Rb8 11. Be3 Bd7 12. Qd2 a6 13. Rac1 Ne6 14. Rfd1 Nxd4 15.
Bxd4 Bc6 16. e4 Nd7 17. Be3 b5 18. Nd5 bxc4 19. Rxc4 Bxd5 20. exd5 a5 21. Ra4
Ra8 22. Rc1 h5 23. Rc6 Kh7 24. Kh2 Bf6 25. Qe2 Qb8 26. Be4 Kg8 27. Qc2 Qd8 28.
Kg2 Kg7 29. Qd2 Rh8 30. Qe1 Re8 31. Rc2 Be5 32. Bf3 f5 33. Bd2 Nc5 34. Rxc5 1-0

[Event "ch-CHN w 2011"]
[Site "Xinghua Jiangsu CHN"]
[Date "2011.04.03"]
[Round "5"]
[White "Ding, Yixin"]
[Black "Wang, Jue"]
[Result "1/2-1/2"]
[WhiteTitle "WGM"]
[WhiteElo "2376"]
[BlackElo "2275"]
[WhiteFideId "8602972"]
[BlackFideId "8604070"]
[EventDate "2011.03.30"]

1. e4 c5 2. Nf3 d6 3. d4 cxd4 4. Nxd4 Nf6 5. Nc3 a6 6. Be3 e5 7. Nde2 Be7 8. Ng3
Be6 9. Be2 O-O 10. O-O Nbd7 11. Qd2 Kh8 12. Rad1 g6 13. Kh1 Rc8 14. f4 exf4 15.
Bxf4 Ne5 16. Nd5 Bxd5 17. exd5 Nfd7 18. Ne4 f5 19. Ng5 Bxg5 20. Bxg5 Qc7 21. c3
Nc5 22. Qd4 Qg7 23. Bf3 h6 24. Qh4 Ncd3 25. Bxh6 Qh7 26. Rxd3 Nxd3 27. Qd4+ Ne5
28. Bxf8 Rxf8 29. Be2 Kg8 30. c4 Qe7 31. Qe3 Re8 32. Qg3 Qf6 33. h3 Kg7 34. b4
Nd7 35. Bd3 Re5 36. a4 b6 37. Bc2 a5 38. bxa5 bxa5 39. Qc3 Re2 40. Qd3 Qe5 41.
Bd1 Re3 42. Qd2 Qc3 43. Qxc3+ Rxc3 44. Be2 Nc5 45. Rb1 Rc2 46. Bf1 Kf6 47. Kh2
Nxa4 48. Ra1 Nc5 49. Rxa5 Rc1 50. Be2 Rc2 51. Bf1 Rc1 52. Be2 Rc2 53. Bf1 Rc1
54. Be2 Rc2 1/2-1/2

[Event "ch-CHN w 2011"]
[Site "Xinghua Jiangsu CHN"]
[Date "2011.04.04"]
[Round "6"]
[White "Ju, Wenjun"]
[Black "Wang, Jue"]
[Result "1-0"]
[WhiteTitle "WGM"]
[WhiteElo "2519"]
[BlackElo "2275"]
[WhiteFideId "8603006"]
[BlackFideId "8604070"]
[EventDate "2011.03.30"]

1. d4 Nf6 2. c4 g6 3. g3 Bg7 4. Bg2 O-O 5. Nc3 d6 6. Nf3 Nc6 7. O-O a6 8. Ne1
Rb8 9. Nc2 Bd7 10. e4 b5 11. Qd3 e5 12. cxb5 axb5 13. d5 Ne7 14. Nb4 Ne8 15. Bd2
f5 16. f4 Nf6 17. fxe5 dxe5 18. Be3 fxe4 19. Nxe4 Nxe4 20. Bxe4 Nf5 21. Bc5 Nd6
22. Nc6 Bxc6 23. dxc6 Rxf1+ 24. Rxf1 Nxe4 25. Qxe4 Qd2 26. Qf3 Kh8 27. Qf7 e4
28. Qxc7 Rd8 29. Qe7 Qd5 30. c7 Rc8 31. Bb6 Rg8 32. Rc1 Qb7 33. Qe6 Qc8 34. Qxc8
Rxc8 35. Rd1 Bf6 36. Rd8+ 1-0

[Event "ch-CHN w 2011"]
[Site "Xinghua Jiangsu CHN"]
[Date "2011.04.04"]
[Round "6"]
[White "Gu, Xiaobing"]
[Black "Ding, Yixin"]
[Result "1/2-1/2"]
[WhiteTitle "WGM"]
[BlackTitle "WGM"]
[WhiteElo "2369"]
[BlackElo "2376"]
[WhiteFideId "8602611"]
[BlackFideId "8602972"]
[EventDate "2011.03.30"]

1. e4 c5 2. Nf3 d6 3. d4 cxd4 4. Nxd4 Nf6 5. Nc3 a6 6. Bg5 e6 7. f4 Qb6 8. Qd2
Nc6 9. Bxf6 gxf6 10. Nb3 Bd7 11. Be2 O-O-O 12. O-O-O Be7 13. Rhf1 h5 14. Rf3
Rdg8 15. Bf1 h4 16. Na4 Qb4 17. Qxb4 Nxb4 18. Nb6+ Kc7 19. Nxd7 Kxd7 20. Nc5+
Kc7 21. Nxb7 Nc6 22. Rb3 Ra8 23. e5 fxe5 24. fxe5 dxe5 25. Rc3 Kxb7 26. Rd7+ Kb6
27. Rxc6+ Kxc6 28. Rxe7 Rhf8 29. a4 Kb6 30. Be2 a5 31. Rd7 Rad8 32. Re7 e4 33.
Bh5 Rd5 34. Bxf7 e3 35. Rxe6+ Kc5 36. c4 Rd6 37. Re5+ Kd4 38. Re7 Kd3 39. Kd1
Rb8 40. c5 Rf6 41. Rd7+ Ke4 42. Bd5+ Kd4 43. c6 Rxb2 44. Bf3+ Kc3 45. c7 Rf8 46.
Re7 Rd2+ 47. Ke1 Kd4 48. Rd7+ Ke5 49. Rf7 Rg8 50. Rg7 Rf8 51. Bg4 Rc2 52. c8=Q
Rfxc8 53. Bxc8 Rxc8 54. Ke2 Rc4 55. Re7+ Kf4 56. Rf7+ Ke4 57. Re7+ Kf4 58. Rf7+
Ke4 59. Re7+ 1/2-1/2

[Event "ch-CHN w 2011"]
[Site "Xinghua Jiangsu CHN"]
[Date "2011.04.04"]
[Round "6"]
[White "Tan, Zhongyi"]
[Black "Zhao, Xue"]
[Result "0-1"]
[WhiteTitle "WGM"]
[BlackTitle "GM"]
[WhiteElo "2428"]
[BlackElo "2495"]
[WhiteFideId "8603642"]
[BlackFideId "8601283"]
[EventDate "2011.03.30"]

1. c4 Nf6 2. Nc3 e5 3. g3 Bb4 4. Bg2 O-O 5. Nf3 Re8 6. O-O h6 7. Qb3 Na6 8. d3
c6 9. Nd2 Bf8 10. Nde4 Nxe4 11. dxe4 Nc5 12. Qc2 a6 13. Be3 d6 14. Rfd1 Qc7 15.
b4 Ne6 16. a3 Be7 17. Qd3 Nf8 18. Na4 b5 19. Nb6 Rb8 20. Nxc8 Rexc8 21. Bh3 Rd8
22. Rac1 c5 23. Qc3 Ne6 24. Bxe6 fxe6 25. Qb3 Kf7 26. cxb5 Rxb5 27. Qc3 Rc8 28.
bxc5 dxc5 29. Qc4 Qc6 30. Bd2 Rb7 31. Bc3 Bf6 32. a4 Qb6 33. Rd2 Rcc7 34. Rb2
Qc6 35. Rcb1 Rxb2 36. Rxb2 Rb7 37. Rxb7+ Qxb7 38. Kg2 Qb1 39. Qd3 Qb3 40. Qd7+
Kg6 41. Bd2 Qc2 42. Kf3 c4 43. h4 Qd1 44. h5+ Kh7 45. Qf7 Qh1+ 46. Ke3 Bg5+ 47.
f4 exf4+ 48. Kd4 Bf6+ 49. Kc5 Qxe4 50. Bxf4 c3 51. Kb6 c2 52. a5 Bd4+ 53. Kc7
Be5+ 0-1

[Event "ch-CHN w 2011"]
[Site "Xinghua Jiangsu CHN"]
[Date "2011.04.04"]
[Round "6"]
[White "Zhang, Xiaowen"]
[Black "Wang, Yu A."]
[Result "1/2-1/2"]
[WhiteTitle "WGM"]
[BlackTitle "IM"]
[WhiteElo "2344"]
[BlackElo "2398"]
[WhiteFideId "8603219"]
[BlackFideId "8601097"]
[EventDate "2011.03.30"]

1. e4 e5 2. Nf3 Nc6 3. d4 exd4 4. Nxd4 Nf6 5. Nc3 Bb4 6. Nxc6 bxc6 7. Bd3 d5 8.
exd5 cxd5 9. O-O O-O 10. Bg5 c6 11. Qf3 Bd6 12. Rae1 h6 13. Bxf6 Qxf6 14. Qxf6
gxf6 15. Ne2 Rb8 16. b3 c5 17. f4 Re8 18. Ng3 Rxe1 19. Rxe1 Kf8 20. Nh5 Be7 21.
Ng3 Bd6 22. Nh5 Be7 23. h3 Bd7 24. g4 a5 25. Ng3 a4 26. Kg2 a3 27. Nf5 Bxf5 28.
Bxf5 Bd6 29. Kg3 Re8 30. Bd3 Re7 31. Rxe7 Kxe7 1/2-1/2

[Event "ch-CHN w 2011"]
[Site "Xinghua Jiangsu CHN"]
[Date "2011.04.06"]
[Round "7"]
[White "Huang, Qian"]
[Black "Xu, Tong"]
[Result "0-1"]
[WhiteTitle "WGM"]
[BlackTitle "WIM"]
[WhiteElo "2394"]
[BlackElo "2217"]
[WhiteFideId "8602689"]
[BlackFideId "8601739"]
[EventDate "2011.03.30"]

1. c4 c5 2. Nf3 Nf6 3. g3 g6 4. Bg2 Bg7 5. d4 cxd4 6. Nxd4 O-O 7. O-O Nc6 8. Nc3
Nxd4 9. Qxd4 d6 10. Qd3 Rb8 11. Bd2 Bd7 12. Rac1 Bc6 13. e4 Nd7 14. Rfd1 f5 15.
exf5 Rxf5 16. Qe2 Qf8 17. Bxc6 bxc6 18. Qe6+ Kh8 19. Qxd7 Rxf2 20. Be3 Rbxb2 21.
Qxc6 Bh6 22. Bd4+ e5 23. Bxa7 Bxc1 24. Rxc1 Rxh2 25. Be3 Rh3 26. Ne4 Rh1+ 0-1

[Event "ch-CHN w 2011"]
[Site "Xinghua Jiangsu CHN"]
[Date "2011.04.06"]
[Round "7"]
[White "Ding, Yixin"]
[Black "Guo, Qi"]
[Result "1/2-1/2"]
[WhiteTitle "WGM"]
[WhiteElo "2376"]
[BlackElo "2331"]
[WhiteFideId "8602972"]
[BlackFideId "8604002"]
[EventDate "2011.03.30"]

1. e4 e6 2. d4 d5 3. Nc3 Nf6 4. Bg5 dxe4 5. Nxe4 Nbd7 6. Nf3 h6 7. Nxf6+ Nxf6 8.
Be3 Nd5 9. Bd2 c5 10. Bb5+ Bd7 11. Bxd7+ Qxd7 12. c4 Nb6 13. Rc1 Be7 14. dxc5
Bxc5 15. b4 Be7 16. c5 Nd5 17. Ne5 Qc7 18. Qa4+ Kf8 19. Nd3 Bg5 20. Rc2 Bxd2+
21. Rxd2 Ke7 22. O-O Rhd8 23. Qc2 Kf8 24. g3 Nf6 25. Rfd1 Ne4 26. Re2 Rd4 27.
Rde1 Nf6 28. a3 Qc6 29. Nf4 Rad8 30. Qb3 Kg8 31. Re5 Qb5 32. Qf3 Qc6 33. Qb3 Qd7
34. Qf3 Rd1 35. Kg2 Qc6 36. Qxc6 bxc6 37. Rxd1 Rxd1 38. Re3 Nd5 39. Nxd5 Rxd5
40. Kf3 Kf8 41. Ke2 a5 42. Rd3 axb4 43. axb4 Ke7 44. Ke3 g5 45. Ra3 Rd1 46. Ra6
Rb1 47. Rxc6 1/2-1/2

[Event "ch-CHN w 2011"]
[Site "Xinghua Jiangsu CHN"]
[Date "2011.04.06"]
[Round "7"]
[White "Wang, Jue"]
[Black "Gu, Xiaobing"]
[Result "1-0"]
[BlackTitle "WGM"]
[WhiteElo "2275"]
[BlackElo "2369"]
[WhiteFideId "8604070"]
[BlackFideId "8602611"]
[EventDate "2011.03.30"]

1. Nf3 Nf6 2. c4 g6 3. d4 Bg7 4. g3 O-O 5. Bg2 d6 6. Nc3 Nc6 7. O-O Bf5 8. b3 e5
9. d5 Ne7 10. Nh4 Bg4 11. Bb2 Qd7 12. Rc1 Bh3 13. e4 Bxg2 14. Kxg2 Ne8 15. b4 f5
16. Nf3 Bh6 17. Rc2 Nf6 18. Qd3 Rf7 19. Nd2 Bxd2 20. Rxd2 f4 21. f3 g5 22. c5 g4
23. Rdf2 Raf8 24. Bc1 Rg7 25. fxg4 Qxg4 26. Qf3 Qg6 27. Kh1 Nh5 28. Rg2 Qh6 29.
g4 Kh8 30. gxh5 Rxg2 31. Kxg2 Rg8+ 32. Kh1 Rg5 33. Ne2 Rxh5 34. Rf2 Rh4 35. Rg2
Ng8 36. Bd2 Nf6 37. Ng1 Nh5 38. Be1 Nf6 39. Bxh4 Qxh4 40. Qh3 Qxh3 41. Nxh3 Nxe4
42. Ng5 Nxg5 43. Rxg5 h6 44. Rg6 Kh7 45. cxd6 1-0

[Event "ch-CHN w 2011"]
[Site "Xinghua Jiangsu CHN"]
[Date "2011.04.07"]
[Round "8"]
[White "Ju, Wenjun"]
[Black "Gu, Xiaobing"]
[Result "0-1"]
[WhiteTitle "WGM"]
[BlackTitle "WGM"]
[WhiteElo "2519"]
[BlackElo "2369"]
[WhiteFideId "8603006"]
[BlackFideId "8602611"]
[EventDate "2011.03.30"]

1. d4 Nf6 2. c4 g6 3. Nc3 Bg7 4. e4 d6 5. Nf3 O-O 6. h3 e5 7. d5 Na6 8. Bg5 Qe8
9. g4 Nd7 10. Rg1 Kh8 11. Qd2 Ndc5 12. Be2 Na4 13. Nb5 N4c5 14. Nc3 Na4 15. Nxa4
Qxa4 16. b3 Qa3 17. Qc2 f5 18. Bc1 Qc5 19. a3 fxe4 20. Qxe4 c6 21. Bd2 cxd5 22.
cxd5 Nc7 23. Bc4 Ne8 24. Be3 Nf6 25. Qc2 Qc7 26. O-O-O Bd7 27. Kb1 Rac8 28. Qb2
b5 29. Be2 Qb7 30. Rc1 Nxd5 31. Qd2 b4 32. axb4 Nxe3 33. fxe3 Qe4+ 34. Ka2 Bh6
35. g5 Bg7 36. h4 Be6 37. Ka3 Rb8 38. Qxd6 Rb6 39. Qc5 Rxf3 40. Bxf3 Ra6+ 41.
Kb2 Qxf3 42. Rgd1 Qe2+ 43. Qc2 e4+ 44. Rd4 Qxe3 0-1

[Event "ch-CHN w 2011"]
[Site "Xinghua Jiangsu CHN"]
[Date "2011.04.07"]
[Round "8"]
[White "Xu, Tong"]
[Black "Ding, Yixin"]
[Result "0-1"]
[WhiteTitle "WIM"]
[BlackTitle "WGM"]
[WhiteElo "2217"]
[BlackElo "2376"]
[WhiteFideId "8601739"]
[BlackFideId "8602972"]
[EventDate "2011.03.30"]

1. e4 c5 2. Nf3 d6 3. Bc4 Nf6 4. d3 Nc6 5. c3 g6 6. O-O Bg7 7. Bb3 O-O 8. h3 b5
9. Re1 a5 10. d4 a4 11. Bc2 Nd7 12. Be3 Bb7 13. a3 e5 14. dxc5 dxc5 15. Nbd2 Qe7
16. Qc1 h6 17. Nf1 Kh7 18. N3h2 Rfd8 19. Ng4 Qf8 20. h4 h5 21. Ngh2 Nb6 22. Nf3
f6 23. N3d2 Na5 24. f4 Nbc4 25. f5 gxf5 26. exf5 Nxe3 27. Nxe3 Bh6 28. Qd1 Qg7
29. Qxh5 Rxd2 30. g4 Nc4 31. Qg6+ Qxg6 32. fxg6+ Kh8 33. Nxc4 Rxc2 34. Nd6 Bf3
35. g5 fxg5 36. Rxe5 gxh4 37. Re7 Rg2+ 38. Kf1 Rxg6 39. Nf7+ Kg8 40. Ne5 Rf6 41.
Kf2 Bh5+ 42. Kg2 Re8 0-1